[Event "AUTO-OPEN-3378"]
[Site "http://www.queenalice.com/game.php?id=1321183"]
[Date "2014.11.9"]
[Round "1"]
[White "Pagano"]
[Black "Guegoma"]
[Result "1-0"]
[WhiteElo "2015"]
[BlackElo "1553"]

1. e4 e5 2. f4 exf4 3. Nf3 d5 4. exd5 Nf6 5. Bb5+ c6 6. dxc6 bxc6 7. Bc4 Bc5 8.
d4 Qe7+ 9. Ne5 Bd6 10. Bxf4 Bxe5 11. Bxe5 Nbd7 12. O-O O-O 13. Bxf6 Nxf6 14. Nc3
1-0

[Event "AUTO-INT-3150"]
[Site "http://www.queenalice.com/game.php?id=1429586"]
[Date "2016.6.29"]
[Round "1"]
[White "Guegoma"]
[Black "Givanildo"]
[Result "0-1"]
[WhiteElo "1495"]
[BlackElo "1675"]

1. e4 d5 2. exd5 Qxd5 3. Nc3 Qe5+ 4. Be2 Bg4 5. h3 Bxe2 6. Ngxe2 e6 7. d4 Qf6 8.
Nb5 Na6 9. Bf4 O-O-O 10. Nxa7+ Kd7 11. Nb5 c6 12. Nbc3 Bb4 13. Qd2 Ke8 14. Bg5
Bxc3 15. bxc3 Qg6 16. Bxd8 Kxd8 17. O-O Ne7 18. Rfe1 Nd5 19. Rab1 b5 20. Rb3 f6
21. Nf4 Nxf4 22. Qxf4 e5 23. dxe5 Re8 24. Rd1+ Kc8 25. exf6 gxf6 26. Rd6 Re1+
27. Kh2 Re4 28. Rxc6+ Kd7 29. Qd6+ Ke8 30. Rc8+ Kf7 31. Qf8+ Ke6 32. Rc6+ Kf5
33. Rxb5+ Re5 34. Rxe5+ Kxe5 35. Rxa6 Kf5 36. Qc5+ Kf4 37. Ra4+ Qe4 38. Rxe4+
Kxe4 0-1

[Event "AUTO-INT-3150"]
[Site "http://www.queenalice.com/game.php?id=1429587"]
[Date "2016.6.29"]
[Round "1"]
[White "Givanildo"]
[Black "Guegoma"]
[Result "1-0"]
[WhiteElo "1684"]
[BlackElo "1486"]

1. d4 d5 2. Bf4 Nf6 3. h3 e6 4. Be5 Bd6 5. Bxd6 Qxd6 6. a3 Nc6 7. e3 Bd7 8. Nf3
O-O-O 9. Ne5 Nxe5 10. dxe5 Qxe5 11. Nc3 Bc6 12. Bd3 d4 13. e4 dxc3 14. b3 Bxe4
15. O-O Bxd3 16. cxd3 Qc5 17. Qc2 Rd6 18. b4 Qd4 19. b5 Qxd3 20. Qb3 Rhd8 21. a4
Ne4 22. a5 Nd2 23. Qd1 Nxf1 24. Qxd3 Rxd3 25. Rxf1 Rd1 26. Rxd1 Rxd1+ 27. Kh2 c2
28. b6 a6 29. bxc7 Kxc7 30. g4 c1=Q 31. Kg3 g5 32. h4 Qf4+ 33. Kh3 Rh1+ 34. Kg2
Qh2+ 35. Kf3 Qxf2+ 36. Kxf2 Rf1+ 37. Kxf1 gxh4 38. g5 1-0

[Event "AUTO-INT-3150"]
[Site "http://www.queenalice.com/game.php?id=1429590"]
[Date "2016.6.29"]
[Round "1"]
[White "Guegoma"]
[Black "Slarty_Bartfast"]
[Result "0-1"]
[WhiteElo "1515"]
[BlackElo "2021"]

1. e4 d6 2. d4 Nf6 3. Nc3 g6 4. Bg5 Bg7 5. Bc4 O-O 6. Qd2 Nbd7 7. O-O-O c5 8.
dxc5 Nxc5 9. e5 Nfe4 10. Nxe4 Nxe4 11. Qe3 Nxg5 12. Qxg5 Bxe5 13. Nf3 Bf6 14.
Qh6 Qb6 15. Bb3 Bf5 16. Rhf1 Rac8 17. Rd2 a5 18. Qf4 Rc5 19. g4 Be6 20. Nd4 Bg5
21. Qg3 Bxd2+ 22. Kxd2 Bxb3 23. Nxb3 Rd5+ 24. Kc1 a4 25. Nd2 Rc8 26. Ne4 Qc6 27.
c3 Rd4 28. Nd2 a3 29. Nb3 axb2+ 30. Kxb2 Re4 31. Qf3 Rc4 32. Qxc6 R4xc6 33. Rc1
e5 34. Nd2 b5 35. Kb3 f5 36. gxf5 gxf5 37. a4 bxa4+ 38. Kxa4 Rb8 39. Ka5 Rb2 40.
Nb1 Rc8 0-1

[Event "AUTO-INT-3150"]
[Site "http://www.queenalice.com/game.php?id=1429591"]
[Date "2016.6.29"]
[Round "1"]
[White "Slarty_Bartfast"]
[Black "Guegoma"]
[Result "1-0"]
[WhiteElo "1994"]
[BlackElo "1515"]

1. d4 d5 2. c4 dxc4 3. e4 Nf6 4. Nc3 c5 5. d5 e6 6. Bxc4 exd5 7. Bxd5 Nxd5 8.
Qxd5 Qxd5 9. Nxd5 Na6 10. Nf3 Be6 11. Bf4 Bxd5 12. exd5 Rd8 13. Rd1 Bd6 14. Bd2
O-O 15. O-O Nc7 16. Bc3 Be7 17. Rfe1 Bd6 18. Rd3 b5 19. b3 b4 20. Bb2 Rfe8 21.
Ree3 Bf4 22. Rxe8+ Nxe8 23. Be5 Bxe5 24. Nxe5 Nf6 25. d6 Ne4 26. d7 Nf6 27. g4
h6 28. f4 Kf8 29. g5 hxg5 30. fxg5 Ne4 31. Nc6 Nxg5 32. Nxd8 1-0

[Event "AUTO-OPEN-3673"]
[Site "http://www.queenalice.com/game.php?id=1429634"]
[Date "2016.6.29"]
[Round "1"]
[White "Guegoma"]
[Black "NatanEstivallet"]
[Result "0-1"]
[WhiteElo "1517"]
[BlackElo "2410"]

1. e4 c5 2. Nf3 d6 3. d4 cxd4 4. Nxd4 Nf6 5. Nc3 a6 6. Be3 Ng4 7. Qd2 Nxe3 8.
Qxe3 Nc6 9. O-O-O g6 10. Kb1 Bg7 11. Nxc6 bxc6 12. Bc4 O-O 13. h4 h5 14. Qg5 Kh7
15. Ne2 Rb8 16. b3 Qc7 17. f4 Bg4 18. Rhf1 Bf6 19. Qxf6 exf6 20. Bxa6 Qa5 21.
Bd3 Bxe2 22. Bxe2 Qa3 23. Rd4 Ra8 24. Ra4 Rxa4 25. bxa4 Rb8+ 0-1

[Event "AUTO-OPEN-3673"]
[Site "http://www.queenalice.com/game.php?id=1429635"]
[Date "2016.6.29"]
[Round "1"]
[White "NatanEstivallet"]
[Black "Guegoma"]
[Result "1-0"]
[WhiteElo "2411"]
[BlackElo "1515"]

1. e4 e5 2. Nf3 Nc6 3. Bb5 a6 4. Ba4 Nf6 5. O-O d6 6. Re1 Bd7 7. c3 Be7 8. d4
exd4 9. cxd4 O-O 10. Nc3 b5 11. Bb3 h6 12. e5 dxe5 13. dxe5 Nh7 14. Bd5 Rb8 15.
Qe2 Nb4 16. Be4 c5 17. Bf4 Be6 18. a3 Bc4 19. Bxh7+ Kxh7 20. Qe4+ Kh8 21. axb4
cxb4 22. Rad1 Qb6 23. Nd5 Bxd5 24. Rxd5 Rbc8 25. e6 fxe6 26. Rd7 Bf6 27. Bxh6
Qc6 28. Bxg7+ Bxg7 29. Qh4+ Kg8 30. Qe7 Qxd7 31. Qxd7 Bxb2 32. Qxe6+ Kh8 33. Ng5
Bg7 34. Qh3+ 1-0

[Event "AUTO-OPEN-3673"]
[Site "http://www.queenalice.com/game.php?id=1429636"]
[Date "2016.6.29"]
[Round "1"]
[White "Guegoma"]
[Black "JCFernandes"]
[Result "0-1"]
[WhiteElo "1450"]
[BlackElo "1202"]

1. e4 e5 2. f4 Qf6 3. fxe5 Qxe5 4. d3 Nc6 5. Nf3 Qf6 6. Nc3 Qe6 7. d4 d5 8. Ng5
Qf6 9. e5 Nxe5 10. dxe5 Qxe5+ 11. Qe2 Qxe2+ 12. Bxe2 Bc5 13. Nxd5 Bd6 14. O-O f6
15. Ne4 Be5 16. c3 Bf5 0-1

[Event "AUTO-OPEN-3673"]
[Site "http://www.queenalice.com/game.php?id=1429637"]
[Date "2016.6.29"]
[Round "1"]
[White "JCFernandes"]
[Black "Guegoma"]
[Result "1-0"]
[WhiteElo "1174"]
[BlackElo "1478"]

1. e4 e5 2. a3 Nf6 3. Nc3 Nc6 4. Nf3 d5 5. exd5 Nxd5 6. Nxd5 Qxd5 7. Be2 Bg4 8.
d4 O-O-O 9. O-O Nxd4 10. c4 Nxf3+ 11. gxf3 Qxd1 12. Bxd1 Bh5 13. Be3 Kb8 14. c5
Rd5 15. c6 b6 16. b4 1-0

[Event "AUTO-OPEN-3673"]
[Site "http://www.queenalice.com/game.php?id=1429638"]
[Date "2016.6.29"]
[Round "1"]
[White "Guegoma"]
[Black "TcheRenato"]
[Result "0-1"]
[WhiteElo "1519"]
[BlackElo "2408"]

1. e4 b6 2. d4 Bb7 3. Nc3 e6 4. Nf3 Bb4 5. Bd3 Nf6 6. Bg5 h6 7. Bxf6 Bxc3+ 8.
bxc3 Qxf6 9. O-O O-O 10. Re1 d6 11. e5 Qf4 12. Be2 Nd7 13. g3 Qe4 14. Bb5 Qxf3
15. Qxf3 Bxf3 16. Bxd7 a5 17. Ba4 dxe5 18. Rxe5 Rfd8 19. Re3 Bd5 20. f4 Rac8 21.
Bb3 c5 22. Rd1 Bc6 23. Kf2 Bb5 24. a3 a4 25. c4 axb3 26. cxb5 bxc2 27. Rc1 cxd4
28. Rd3 f6 29. Ke2 e5 30. fxe5 fxe5 31. Kf3 Kf7 32. Ke4 Ke6 33. Rd2 Rc3 34. Rd3
Rc4 35. h3 Rd5 36. a4 Rcc5 37. Rd2 Rc3 38. Rcxc2 Re3# 0-1

[Event "AUTO-OPEN-3673"]
[Site "http://www.queenalice.com/game.php?id=1429639"]
[Date "2016.6.29"]
[Round "1"]
[White "TcheRenato"]
[Black "Guegoma"]
[Result "1-0"]
[WhiteElo "2408"]
[BlackElo "1513"]

1. e4 e5 2. Qf3 Nc6 3. Bc4 Qf6 4. Qh5 Bc5 5. Nf3 d6 6. Nc3 Be6 7. Bxe6 Qxe6 8.
Nd5 Qd7 9. O-O O-O-O 10. d3 Nb4 11. Nxb4 Bxb4 12. c3 Nf6 13. Qh4 Bc5 14. Bg5 Qe6
15. d4 Bb6 16. d5 Qe7 17. Bxf6 Qxf6 18. Qxf6 gxf6 19. a4 a6 20. a5 Ba7 21. Nh4
Kd7 22. g3 Rdg8 23. Nf5 h5 24. h4 Rg4 25. Rfe1 Rhg8 26. Kg2 R4g6 27. b4 Rc8 28.
Rab1 b6 29. axb6 Bxb6 30. Ra1 Ra8 31. Ra4 Rgg8 32. Rea1 Rgb8 33. Rxa6 Rxa6 34.
Rxa6 Rg8 35. Nh6 Rg7 36. Ra8 c6 37. Nf5 Rh7 38. dxc6+ Kxc6 39. Ne7+ Kb7 40. Rf8
Ka6 41. Nd5 f5 42. Rb8 Bxf2 43. Kxf2 fxe4 44. Rb6+ Ka7 45. Rxd6 1-0